[Event "Test Tournament"]
[Site "Emanuel Lasker Arena"]
[Date "2024.04.09"]
[Round "3"]
[White "ArrowPlay"]
[Black "Roberta Draper"]
[Result "1-0"]
[WhiteElo "2027"]
[BlackElo "1620"]
[Annotator "RC"]
[PlyCount "67"]
[EventDate "2024.04.09"]
[EventType "swiss (blitz)"]
[TimeControl "60"]

1. d4 {[%emt 0:00:01]} Nf6 {[%emt 0:00:01]} 2. c4 {[%emt 0:00:01]} g6 {[%emt 0:00:01]} 3. Nc3 {[%emt 0:00:01]} Bg7 {[%emt 0:00:01]} 4. e4 {[%emt 0:00:01]} d6 {[%emt 0:00:01]} 5. Nf3 {[%emt 0:00:01]} O-O {[%emt 0:00:01]} 6. Be2 {[%emt 0:00:01]} Na6 {[%emt 0:00:00]} 7. Be3 {[%emt 0:00:01]} e5 {[%emt 0:00:01]} 8. O-O {[%emt 0:00:01]} Ng4 {[%emt 0:00:01]} 9. Bg5 {[%emt 0:00:01]} Qe8 {[%emt 0:00:01]} 10. dxe5 {[%emt 0:00:01]} dxe5 {[%emt 0:00:01]} 11. h3 {[%emt 0:00:01]} h6 {[%emt 0:00:02]} 12. Bc1 {[%emt 0:00:01]} Nf6 {[%emt 0:00:01]} 13. Be3 {[%emt 0:00:04]} Qe7 {[%emt 0:00:01]} 14. Nd5 {[%emt 0:00:01]} Qd6 {[%emt 0:00:01]} 15. Nc3 {[%emt 0:00:01]} Bd7 {[%emt 0:00:01]} 16. Qc1 {[%emt 0:00:02]} Nc5 {[%emt 0:00:03]} 17. Rd1 {[%emt 0:00:03]} Qe7 {[%emt 0:00:05]} 18. Bxh6 {[%emt 0:00:01]} Ncxe4 {[%emt 0:00:01]} 19. Nxe4 {[%emt 0:00:01]} Nxe4 {[%emt 0:00:01]} 20. Rd5 {[%emt 0:00:03]} f6 {[%emt 0:00:03]} 21. Bd3 {[%emt 0:00:06]} Nc5 {[%emt 0:00:07]} 22. Bxg6 {[%emt 0:00:00]} a5 {[%emt 0:00:03]} 23. Qe3 {[%emt 0:00:02]} c6 {[%emt 0:00:02]} 24. Rxc5 {[%emt 0:00:01]} Bxh3 {[%emt 0:00:01]} 25. Rd1 {[%emt 0:00:01]} Rfd8 {[%emt 0:00:02]} 26. Re1 {[%emt 0:00:03]} Bg4 {[%emt 0:00:02]} 27. Bxg7 {[%emt 0:00:01]} Kxg7 {[%emt 0:00:00]} 28. Nxe5 {[%emt 0:00:02]} fxe5 {[%emt 0:00:01]} 29. Rxe5 {[%emt 0:00:01]} Qh4 {[%emt 0:00:02]} 30. Rg5 {[%emt 0:00:01]} Bd1 {[%emt 0:00:02]} 31. Be8+ {[%emt 0:00:01]} Kh6 {[%emt 0:00:01]} 32. Qe6+ {[%emt 0:00:01]} Kxg5 {[%emt 0:00:01]} 33. Qg6+ {[%emt 0:00:01]} Kf4 {[%emt 0:00:01]} 34. Re4# {[%emt 0:00:01] (Lag: Av=0.06s, max=0.4s)} 1-0

[Event "Test Tournament"]
[Site "Emanuel Lasker Arena"]
[Date "2024.04.09"]
[Round "3"]
[White "AlphaHero"]
[Black "Antonella"]
[Result "1-0"]
[WhiteElo "2021"]
[BlackElo "2040"]
[Annotator "RC"]
[PlyCount "81"]
[EventDate "2024.04.09"]
[EventType "swiss (blitz)"]

1. d4 {[%emt 0:00:01]} d5 {[%emt 0:00:01]} 2. c4 {[%emt 0:00:01]} e6 {[%emt 0:00:01]} 3. Nf3 {[%emt 0:00:01]} Nf6 {[%emt 0:00:01]} 4. g3 {[%emt 0:00:01]} dxc4 {[%emt 0:00:01]} 5. Bg2 {[%emt 0:00:01]} c5 {[%emt 0:00:01]} 6. O-O {[%emt 0:00:01]} Nc6 {[%emt 0:00:01]} 7. Qa4 {[%emt 0:00:01]} cxd4 {[%emt 0:00:01]} 8. Nxd4 {[%emt 0:00:01]} Qxd4 {[%emt 0:00:01]} 9. Bxc6+ {[%emt 0:00:01]} Bd7 {[%emt 0:00:01]} 10. Rd1 {[%emt 0:00:01]} Bxc6 {[%emt 0:00:01]} 11. Qxc6+ {[%emt 0:00:01]} bxc6 {[%emt 0:00:01]} 12. Rxd4 {[%emt 0:00:01]} Rd8 {[%emt 0:00:01]} 13. Rxc4 {[%emt 0:00:01]} Rd1+ {[%emt 0:00:04]} 14. Kg2 {[%emt 0:00:01]} Kd7 {[%emt 0:00:06]} 15. Nc3 {[%emt 0:00:01]} Re1 {[%emt 0:00:04]} 16. b3 {[%emt 0:00:04]} Ba3 {[%emt 0:00:03]} 17. Rd4+ {[%emt 0:00:03]} Nd5 {[%emt 0:00:03]} 18. Rd1 {[%emt 0:00:04]} Rxd1 {[%emt 0:00:01]} 19. Nxd1 {[%emt 0:00:01]} Bc5 {[%emt 0:00:03]} 20. Ne3 {[%emt 0:00:03]} Rb8 {[%emt 0:00:02]} 21. Nc4 {[%emt 0:00:03]} Nc3 {[%emt 0:00:02]} 22. Bb2 {[%emt 0:00:03]} Nxe2 {[%emt 0:00:02]} 23. Bxg7 {[%emt 0:00:01]} Bd4 {[%emt 0:00:02]} 24. Be5 {[%emt 0:00:02]} Rb7 {[%emt 0:00:02]} 25. Re1 {[%emt 0:00:03]} a5 {[%emt 0:00:08]} 26. Rxe2 {[%emt 0:00:00]} c5 {[%emt 0:00:01]} 27. Bf4 {[%emt 0:00:02]} a4 {[%emt 0:00:01]} 28. bxa4 {[%emt 0:00:01]} Rb4 {[%emt 0:00:01]} 29. Rc2 {[%emt 0:00:01]} Rb1 {[%emt 0:00:01]} 30. Rc1 {[%emt 0:00:01]} Rb4 {[%emt 0:00:01]} 31. a5 {[%emt 0:00:01]} Kc6 {[%emt 0:00:01]} 32. a6 {[%emt 0:00:01]} Ra4 {[%emt 0:00:01]} 33. Be5 {[%emt 0:00:01]} Rxa2 {[%emt 0:00:00]} 34. Na5+ {[%emt 0:00:01]} Rxa5 {[%emt 0:00:01]} 35. Bxd4 {[%emt 0:00:01]} Rxa6 {[%emt 0:00:01]} 36. Rxc5+ {[%emt 0:00:01]} Kd7 {[%emt 0:00:01]} 37. h4 {[%emt 0:00:01]} Ke7 {[%emt 0:00:01]} 38. Rc7+ {[%emt 0:00:01]} Kf8 {[%emt 0:00:01]} 39. Ra7 {[%emt 0:00:01]} Rxa7 {[%emt 0:00:00]} 40. Bxa7 {[%emt 0:00:01]} h6 {[%emt 0:00:01] '} 41. Be3 {[%emt 0:00:01] (Lag: Av=0.08s, max=0.6s)} 1-0

[Event "Test Tournament"]
[Site "Emanuel Lasker Arena"]
[Date "2024.04.09"]
[Round "3"]
[White "PinPointPro"]
[Black "LiliBeth"]
[Result "0-1"]
[WhiteElo "1984"]
[BlackElo "1853"]
[Annotator "RC"]
[PlyCount "52"]
[EventDate "2024.04.09"]
[EventType "swiss (blitz)"]

1. d4 {[%emt 0:00:01]} Nf6 {[%emt 0:00:02]} 2. c4 {[%emt 0:00:01]} c5 {[%emt 0:00:01]} 3. d5 {[%emt 0:00:01]} b5 {[%emt 0:00:01]} 4. Qc2 {[%emt 0:00:01]} b4 {[%emt 0:00:02]} 5. e4 {[%emt 0:00:01]} d6 {[%emt 0:00:01]} 6. Bd3 {[%emt 0:00:01]} a5 {[%emt 0:00:01]} 7. Nf3 {[%emt 0:00:01]} e5 {[%emt 0:00:04]} 8. dxe6 {[%emt 0:00:01]} Bxe6 {[%emt 0:00:01]} 9. Bf4 {[%emt 0:00:01]} Ra7 {[%emt 0:00:04]} 10. Ng5 {[%emt 0:00:04]} Bg4 {[%emt 0:00:04]} 11. e5 {[%emt 0:00:04]} dxe5 {[%emt 0:00:03]} 12. Bxe5 {[%emt 0:00:01]} Nc6 {[%emt 0:00:03]} 13. f4 {[%emt 0:00:04]} Nxe5 {[%emt 0:00:01]} 14. fxe5 {[%emt 0:00:01]} Nh5 {[%emt 0:00:02]} 15. Qd2 {[%emt 0:00:07]} Rd7 {[%emt 0:00:02]} 16. O-O {[%emt 0:00:03]} Rxd3 {[%emt 0:00:00]} 17. Qf2 {[%emt 0:00:03]} Qxg5 {[%emt 0:00:01]} 18. Qxf7+ {[%emt 0:00:01]} Kd8 {[%emt 0:00:01]} 19. a3 {[%emt 0:00:02]} Qxe5 {[%emt 0:00:02]} 20. Qb7 {[%emt 0:00:01]} Qxb2 {[%emt 0:00:02]} 21. Qa8+ {[%emt 0:00:02]} Ke7 {[%emt 0:00:02]} 22. Qe4+ {[%emt 0:00:02]} Be6 {[%emt 0:00:01]} 23. Qxd3 {[%emt 0:00:01]} Qxa1 {[%emt 0:00:01]} 24. axb4 {[%emt 0:00:01]} cxb4 {[%emt 0:00:00]} 25. Qe4 {[%emt 0:00:01]} Ng3 {[%emt 0:00:01]} 26. Nc3 {[%emt 0:00:05]} Qxf1# {[%emt 0:00:01] (Lag: Av=0.09s, max=0.7s)} 0-1

[Event "Test Tournament"]
[Site "Emanuel Lasker Arena"]
[Date "2024.04.02"]
[Round "3"]
[White "ArrowPlay"]
[Black "Chartwell"]
[Result "1/2-1/2"]
[WhiteElo "1983"]
[BlackElo "2178"]
[Annotator "RC"]
[PlyCount "104"]
[EventDate "2024.04.02"]
[EventType "swiss (blitz)"]

1. d4 {[%emt 0:00:01]} Nf6 {[%emt 0:00:01]} 2. c4 {[%emt 0:00:01]} e6 {[%emt 0:00:01]} 3. Nc3 {[%emt 0:00:01]} Bb4 {[%emt 0:00:01]} 4. Qc2 {[%emt 0:00:01]} O-O {[%emt 0:00:01]} 5. a3 {[%emt 0:00:01]} Bxc3+ {[%emt 0:00:01]} 6. Qxc3 {[%emt 0:00:01]} d6 {[%emt 0:00:01]} 7. Bg5 {[%emt 0:00:01]} e5 {[%emt 0:00:01]} 8. dxe5 {[%emt 0:00:01]} dxe5 {[%emt 0:00:00]} 9. Qxe5 {[%emt 0:00:00]} Nc6 {[%emt 0:00:01]} 10. Qf4 {[%emt 0:00:01]} Nd4 {[%emt 0:00:02]} 11. O-O-O {[%emt 0:00:01]} Nb3+ {[%emt 0:00:01]} 12. Kc2 {[%emt 0:00:01]} Bf5+ {[%emt 0:00:02]} 13. Qxf5 {[%emt 0:00:01]} Nd4+ {[%emt 0:00:02]} 14. Rxd4 {[%emt 0:00:00]} Qxd4 {[%emt 0:00:00]} 15. Bxf6 {[%emt 0:00:01]} gxf6 {[%emt 0:00:01]} 16. e3 {[%emt 0:00:01]} Qd6 {[%emt 0:00:03]} 17. Bd3 {[%emt 0:00:01]} Rfd8 {[%emt 0:00:01]} 18. Qxh7+ {[%emt 0:00:00]} Kf8 {[%emt 0:00:01]} 19. Ne2 {[%emt 0:00:01]} Qa6 {[%emt 0:00:01]} 20. Kb1 {[%emt 0:00:01]} Ke7 {[%emt 0:00:02]} 21. Qe4+ {[%emt 0:00:01]} Kf8 {[%emt 0:00:01]} 22. h4 {[%emt 0:00:01]} Rxd3 {[%emt 0:00:02]} 23. Qxd3 {[%emt 0:00:01]} Kg8 {[%emt 0:00:02]} 24. Rd1 {[%emt 0:00:01]} c5 {[%emt 0:00:02]} 25. Ng3 {[%emt 0:00:01]} Re8 {[%emt 0:00:01]} 26. Ka1 {[%emt 0:00:01]} Qc6 {[%emt 0:00:02]} 27. e4 {[%emt 0:00:01]} Re5 {[%emt 0:00:02]} 28. Qd8+ {[%emt 0:00:01]} Re8 {[%emt 0:00:01]} 29. Qd3 {[%emt 0:00:01]} Qe6 {[%emt 0:00:02]} 30. f3 {[%emt 0:00:01]} Qe5 {[%emt 0:00:01]} 31. Nf5 {[%emt 0:00:01]} Qh2 {[%emt 0:00:02]} 32. Qd7 {[%emt 0:00:01]} Qe5 {[%emt 0:00:01]} 33. Qd2 {[%emt 0:00:01]} Qh2 {[%emt 0:00:02]} 34. Ka2 {[%emt 0:00:01]} b5 {[%emt 0:00:02]} 35. cxb5 {[%emt 0:00:01]} c4 {[%emt 0:00:01]} 36. Nh6+ {[%emt 0:00:01]} Kh7 {[%emt 0:00:01]} 37. Nf5 {[%emt 0:00:01]} Kg8 {[%emt 0:00:01]} 38. Nh6+ {[%emt 0:00:01]} Kf8 {[%emt 0:00:01]} 39. Qb4+ {[%emt 0:00:01]} Kg7 {[%emt 0:00:01]} 40. Nf5+ {[%emt 0:00:01]} Kg8 {[%emt 0:00:01]} 41. Nh6+ {[%emt 0:00:01]} Kh7 {[%emt 0:00:01]} 42. Nf5 {[%emt 0:00:01]} Qxg2 {[%emt 0:00:02]} 43. Qxc4 {[%emt 0:00:01]} Re6 {[%emt 0:00:01]} 44. Ne3 {[%emt 0:00:01]} Qxf3 {[%emt 0:00:01]} 45. Rd3 {[%emt 0:00:01]} Kg8 {[%emt 0:00:01]} 46. Rd8+ {[%emt 0:00:01]} Kg7 {[%emt 0:00:01]} 47. Nf5+ {[%emt 0:00:01]} Kg6 {[%emt 0:00:01]} 48. Rg8+ {[%emt 0:00:01]} Kh5 {[%emt 0:00:01]} 49. Rh8+ {[%emt 0:00:01]} Kg4 {[%emt 0:00:00]} 50. Rg8+ {[%emt 0:00:01]} Kh5 {[%emt 0:00:00]} 51. Rh8+ {[%emt 0:00:03]} Kg4 {[%emt 0:00:00]} 52. Rg8+ {[%emt 0:00:01]} Kh5 {[%emt 0:00:01]} 1/2-1/2

[Event "Test Tournament"]
[Site "Emanuel Lasker Arena"]
[Date "2024.04.09"]
[Round "3"]
[White "Myopix"]
[Black "PinPointPro"]
[Result "0-1"]
[WhiteElo "1965"]
[BlackElo "1984"]
[Annotator "RC"]
[PlyCount "68"]
[EventDate "2024.04.09"]
[EventType "swiss (blitz)"]
[TimeControl "60"]

1. e4 {[%emt 0:00:01]} e5 {[%emt 0:00:01]} 2. Nf3 {[%emt 0:00:00]} Nc6 {[%emt 0:00:01]} 3. Bb5 {[%emt 0:00:01]} a6 {[%emt 0:00:01]} 4. Ba4 {[%emt 0:00:01]} Nf6 {[%emt 0:00:00]} 5. O-O {[%emt 0:00:01]} Be7 {[%emt 0:00:01]} 6. Re1 {[%emt 0:00:01]} b5 {[%emt 0:00:01]} 7. Bb3 {[%emt 0:00:01]} O-O {[%emt 0:00:01]} 8. c3 {[%emt 0:00:01]} d6 {[%emt 0:00:01]} 9. d4 {[%emt 0:00:01]} Bg4 {[%emt 0:00:00]} 10. d5 {[%emt 0:00:01]} Na5 {[%emt 0:00:01]} 11. Bc2 {[%emt 0:00:01]} c6 {[%emt 0:00:01]} 12. Bd3 {[%emt 0:00:02]} cxd5 {[%emt 0:00:01]} 13. exd5 {[%emt 0:00:01]} Nxd5 {[%emt 0:00:01]} 14. Be4 {[%emt 0:00:04]} Nb6 {[%emt 0:00:04]} 15. Bxa8 {[%emt 0:00:01]} Qxa8 {[%emt 0:00:01]} 16. Qd3 {[%emt 0:00:03]} Nac4 {[%emt 0:00:02]} 17. Ng5 {[%emt 0:00:03]} f5 {[%emt 0:00:03]} 18. Ne6 {[%emt 0:00:03]} e4 {[%emt 0:00:02]} 19. h3 {[%emt 0:00:03]} exd3 {[%emt 0:00:01]} 20. hxg4 {[%emt 0:00:00]} Qd5 {[%emt 0:00:08]} 21. Nxf8 {[%emt 0:00:01]} Kxf8 {[%emt 0:00:01]} 22. g5 {[%emt 0:00:02]} g6 {[%emt 0:00:03]} 23. Nd2 {[%emt 0:00:02]} Na4 {[%emt 0:00:03]} 24. g4 {[%emt 0:00:02]} Ne5 {[%emt 0:00:01]} 25. f4 {[%emt 0:00:02]} Nf3+ {[%emt 0:00:02]} 26. Nxf3 {[%emt 0:00:01]} Qxf3 {[%emt 0:00:01]} 27. Re6 {[%emt 0:00:02]} Qxg4+ {[%emt 0:00:01]} 28. Kf2 {[%emt 0:00:01]} Kf7 {[%emt 0:00:02]} 29. Ke3 {[%emt 0:00:03]} Qg3+ {[%emt 0:00:01]} 30. Kd2 {[%emt 0:00:01]} Qf2+ {[%emt 0:00:01]} 31. Kd1 {[%emt 0:00:01]} Kxe6 {[%emt 0:00:01]} 32. Bd2 {[%emt 0:00:01]} Qe2+ {[%emt 0:00:01]} 33. Kc1 {[%emt 0:00:01]} Qf1+ {[%emt 0:00:01]} 34. Be1 {[%emt 0:00:01]} Qxe1# {[%emt 0:00:01] (Lag: Av=0.05s, max=0.1s)} 0-1

[Event "Test Tournament"]
[Site "Emanuel Lasker Arena"]
[Date "2024.04.09"]
[Round "3"]
[White "Copacablanca"]
[Black "Girlfriend Chess"]
[Result "0-1"]
[WhiteElo "1922"]
[BlackElo "1752"]
[Annotator "RC"]
[PlyCount "40"]
[EventDate "2024.04.09"]
[EventType "swiss (blitz)"]
[TimeControl "60"]

1. d4 {[%emt 0:00:01]} d5 {[%emt 0:00:01]} 2. c4 {[%emt 0:00:01]} e6 {[%emt 0:00:01]} 3. Nf3 {[%emt 0:00:01]} Nf6 {[%emt 0:00:01]} 4. g3 {[%emt 0:00:01]} dxc4 {[%emt 0:00:01]} 5. Bg2 {[%emt 0:00:01]} c5 {[%emt 0:00:01]} 6. O-O {[%emt 0:00:01]} Nc6 {[%emt 0:00:01]} 7. Ne5 {[%emt 0:00:01]} Nxd4 {[%emt 0:00:02]} 8. e3 {[%emt 0:00:01]} Be7 {[%emt 0:00:04]} 9. exd4 {[%emt 0:00:01]} cxd4 {[%emt 0:00:01]} 10. Nxc4 {[%emt 0:00:02]} b5 {[%emt 0:00:04]} 11. Ne5 {[%emt 0:00:05]} Qc7 {[%emt 0:00:04]} 12. Qxd4 {[%emt 0:00:01]} Bc5 {[%emt 0:00:04]} 13. Qd3 {[%emt 0:00:04]} Qxe5 {[%emt 0:00:03]} 14. Bc6+ {[%emt 0:00:01]} Bd7 {[%emt 0:00:07]} 15. Bxa8 {[%emt 0:00:01]} O-O {[%emt 0:00:02]} 16. Bf3 {[%emt 0:00:03]} a5 {[%emt 0:00:02]} 17. Qc3 {[%emt 0:00:03]} Qf5 {[%emt 0:00:03]} 18. Be3 {[%emt 0:00:03]} Qxf3 {[%emt 0:00:01]} 19. Qxc5 {[%emt 0:00:01]} b4 {[%emt 0:00:02]} 20. Qxa5 {[%emt 0:00:01]} Bc6 {[%emt 0:00:01] Copacablanca resigns (Lag: Av=0.06s, max=0.4s)} 0-1

[Event "Test Tournament"]
[Site "Emanuel Lasker Arena"]
[Date "2024.04.09"]
[Round "3"]
[White "Daenerys"]
[Black "Mrs Florrick"]
[Result "*"]
[WhiteElo "1922"]
[BlackElo "1780"]
[Annotator "RC"]
[PlyCount "23"]
[EventDate "2024.04.09"]
[EventType "swiss (blitz)"]

{Daenerys resigns Mrs Florrick resigns Daenerys resigns Mrs Florrick resigns} 1. e4 {[%emt 0:00:02]} c5 {[%emt 0:00:02]} 2. Nf3 {[%emt 0:00:01]} d6 {[%emt 0:00:01]} 3. b4 {[%emt 0:00:01]} cxb4 {[%emt 0:00:02]} 4. d4 {[%emt 0:00:01]} Nf6 {[%emt 0:00:02]} 5. Bd3 {[%emt 0:00:01]} g6 {[%emt 0:00:04]} 6. c3 {[%emt 0:00:04]} Qc7 {[%emt 0:00:05]} 7. cxb4 {[%emt 0:00:00]} Bg4 {[%emt 0:00:02]} 8. b5 {[%emt 0:00:04]} e5 {[%emt 0:00:03]} 9. h4 {[%emt 0:00:03]} a5 {[%emt 0:00:02]} 10. h5 {[%emt 0:00:03]} Nxh5 {[%emt 0:00:01]} 11. Bg5 {[%emt 0:00:03]} a4 {[%emt 0:00:03]} 12. Rh4 {[%emt 0:00:03]} *

[Event "Test Tournament"]
[Site "Emanuel Lasker Arena"]
[Date "2024.04.09"]
[Round "3"]
[White "Daenerys"]
[Black "StressTest"]
[Result "1/2-1/2"]
[WhiteElo "1922"]
[BlackElo "2101"]
[Annotator "RC"]
[PlyCount "58"]
[EventDate "2024.04.09"]
[EventType "swiss (blitz)"]

1. d4 {[%emt 0:00:01]} Nf6 {[%emt 0:00:01]} 2. Nc3 {[%emt 0:00:01]} d5 {[%emt 0:00:01]} 3. Bg5 {[%emt 0:00:00]} e6 {[%emt 0:00:01]} 4. e4 {[%emt 0:00:02]} dxe4 {[%emt 0:00:01]} 5. Nxe4 {[%emt 0:00:02]} Be7 {[%emt 0:00:01]} 6. Bxf6 {[%emt 0:00:01]} Bxf6 {[%emt 0:00:01]} 7. Nf3 {[%emt 0:00:01]} Be7 {[%emt 0:00:01]} 8. Bb5+ {[%emt 0:00:01]} c6 {[%emt 0:00:01]} 9. Bc4 {[%emt 0:00:05]} Qc7 {[%emt 0:00:04]} 10. h4 {[%emt 0:00:04]} b5 {[%emt 0:00:04]} 11. Bb3 {[%emt 0:00:03]} O-O {[%emt 0:00:04]} 12. Ne5 {[%emt 0:00:03]} Rd8 {[%emt 0:00:03]} 13. Qg4 {[%emt 0:00:03]} Rxd4 {[%emt 0:00:01]} 14. c3 {[%emt 0:00:03]} Qxe5 {[%emt 0:00:03]} 15. cxd4 {[%emt 0:00:01]} Qxd4 {[%emt 0:00:01]} 16. h5 {[%emt 0:00:02]} Qxb2 {[%emt 0:00:03]} 17. O-O {[%emt 0:00:03]} h6 {[%emt 0:00:02]} 18. Qf4 {[%emt 0:00:02]} Nd7 {[%emt 0:00:03]} 19. Nd6 {[%emt 0:00:02]} Nf6 {[%emt 0:00:03]} 20. Qg3 {[%emt 0:00:02]} Nxh5 {[%emt 0:00:02]} 21. Qh2 {[%emt 0:00:02]} Ba6 {[%emt 0:00:03]} 22. g4 {[%emt 0:00:01]} Qe2 {[%emt 0:00:02]} 23. gxh5 {[%emt 0:00:01]} Rd8 {[%emt 0:00:02]} 24. Rad1 {[%emt 0:00:02]} Bxd6 {[%emt 0:00:01]} 25. Rxd6 {[%emt 0:00:01]} Qg4+ {[%emt 0:00:01]} 26. Kh1 {[%emt 0:00:01]} Qf3+ {[%emt 0:00:01]} 27. Kg1 {[%emt 0:00:01]} Qg4+ {[%emt 0:00:01]} 28. Kh1 {[%emt 0:00:01]} Qf3+ {[%emt 0:00:01]} 29. Kg1 {[%emt 0:00:01]} Qg4+ {[%emt 0:00:01] (Lag: Av=0.06s, max=0.1s)} 1/2-1/2

[Event "Test Tournament"]
[Site "Emanuel Lasker Arena"]
[Date "2024.04.09"]
[Round "3"]
[White "Zimtowitch"]
[Black "Hollis"]
[Result "0-1"]
[WhiteElo "1896"]
[BlackElo "1881"]
[Annotator "NA RC"]
[PlyCount "44"]
[EventDate "2024.04.09"]
[EventType "swiss (blitz)"]
[TimeControl "60"]

1. e4 {[%emt 0:00:01]} e5 {[%emt 0:00:01]} 2. Nf3 {[%emt 0:00:01]} Nc6 {[%emt 0:00:01]} 3. Bb5 {[%emt 0:00:01]} a6 {[%emt 0:00:01]} 4. Ba4 {[%emt 0:00:01]} d6 {[%emt 0:00:01]} 5. O-O {[%emt 0:00:01]} Bd7 {[%emt 0:00:01]} 6. c3 {[%emt 0:00:01]} Nf6 {[%emt 0:00:01]} 7. Re1 {[%emt 0:00:01]} b5 {[%emt 0:00:01]} 8. Qb3 {[%emt 0:00:02]} bxa4 {[%emt 0:00:01]} 9. Qxa4 {[%emt 0:00:01]} Nd4 {[%emt 0:00:04]} 10. Qd1 {[%emt 0:00:01]} Nxf3+ {[%emt 0:00:04]} 11. Qxf3 {[%emt 0:00:01]} c5 {[%emt 0:00:08]} 12. d4 {[%emt 0:00:04]} exd4 {[%emt 0:00:03]} 13. cxd4 {[%emt 0:00:01]} cxd4 {[%emt 0:00:01]} 14. b4 {[%emt 0:00:04]} Qc7 {[%emt 0:00:03]} 15. e5 {[%emt 0:00:03]} Qc2 {[%emt 0:00:04]} 16. exf6+ {[%emt 0:00:01]} Be6 {[%emt 0:00:02]} 17. Qxa8+ {[%emt 0:00:01]} Kd7 {[%emt 0:00:01]} 18. a4 {[%emt 0:00:03]} h5 {[%emt 0:00:02]} 19. b5 {[%emt 0:00:01]} gxf6 {[%emt 0:00:02]} 20. bxa6 {[%emt 0:00:02]} h4 {[%emt 0:00:02]} 21. a7 {[%emt 0:00:02]} Qc8 {[%emt 0:00:02]} 22. Rxe6 {[%emt 0:00:02]} Qxc1+ {[%emt 0:00:01] Zimtowitch resigns (Lag: Av=0.07s, max=0.5s)} 0-1

[Event "Test Tournament"]
[Site "Emanuel Lasker Arena"]
[Date "2024.04.09"]
[Round "3"]
[White "Zimtowitch"]
[Black "Swindler"]
[Result "0-1"]
[WhiteElo "1896"]
[BlackElo "2226"]
[Annotator "RC"]
[PlyCount "64"]
[EventDate "2024.04.09"]
[EventType "swiss (blitz)"]

1. d4 {[%emt 0:00:01]} f5 {[%emt 0:00:01]} 2. g3 {[%emt 0:00:01]} Nf6 {[%emt 0:00:01]} 3. Bg2 {[%emt 0:00:01]} g6 {[%emt 0:00:01]} 4. Nf3 {[%emt 0:00:01]} Bg7 {[%emt 0:00:01]} 5. O-O {[%emt 0:00:01]} O-O {[%emt 0:00:01]} 6. c4 {[%emt 0:00:04]} d6 {[%emt 0:00:01]} 7. Nc3 {[%emt 0:00:01]} c6 {[%emt 0:00:01]} 8. d5 {[%emt 0:00:01]} e5 {[%emt 0:00:01]} 9. dxe6 {[%emt 0:00:01]} Bxe6 {[%emt 0:00:01]} 10. b3 {[%emt 0:00:01]} Na6 {[%emt 0:00:01]} 11. Ng5 {[%emt 0:00:01]} Qe7 {[%emt 0:00:01]} 12. Nxe6 {[%emt 0:00:01]} Qxe6 {[%emt 0:00:01]} 13. Bf4 {[%emt 0:00:01]} Nh5 {[%emt 0:00:01]} 14. Qd2 {[%emt 0:00:04]} Nc5 {[%emt 0:00:01]} 15. Bh6 {[%emt 0:00:03]} Bxh6 {[%emt 0:00:01]} 16. Qxh6 {[%emt 0:00:01]} f4 {[%emt 0:00:04]} 17. Rad1 {[%emt 0:00:05]} a5 {[%emt 0:00:03]} 18. g4 {[%emt 0:00:05]} Qxg4 {[%emt 0:00:01]} 19. Rxd6 {[%emt 0:00:01]} Rae8 {[%emt 0:00:04]} 20. Kh1 {[%emt 0:00:03]} Qh4 {[%emt 0:00:06]} 21. Nd5 {[%emt 0:00:03]} Ng3+ {[%emt 0:00:01]} 22. fxg3 {[%emt 0:00:01]} Qxh6 {[%emt 0:00:01]} 23. Nf6+ {[%emt 0:00:02]} Kg7 {[%emt 0:00:01]} 24. Nxe8+ {[%emt 0:00:01]} Rxe8 {[%emt 0:00:01]} 25. Rxf4 {[%emt 0:00:01]} Rxe2 {[%emt 0:00:01]} 26. Rd8 {[%emt 0:00:03]} Qg5 {[%emt 0:00:01]} 27. Rd2 {[%emt 0:00:02]} Rxd2 {[%emt 0:00:01]} 28. Bxc6 {[%emt 0:00:01]} bxc6 {[%emt 0:00:01]} 29. h4 {[%emt 0:00:01]} Qe5 {[%emt 0:00:01]} 30. Kg1 {[%emt 0:00:01]} Qe1+ {[%emt 0:00:02]} 31. Rf1 {[%emt 0:00:01]} Qxg3+ {[%emt 0:00:01]} 32. Kh1 {[%emt 0:00:01]} Qh2# {[%emt 0:00:02] (Lag: Av=0.07s, max=0.6s)} 0-1

[Event "Test Tournament"]
[Site "Emanuel Lasker Arena"]
[Date "2024.04.09"]
[Round "3"]
[White "Sunset"]
[Black "Swindler"]
[Result "1-0"]
[WhiteElo "1878"]
[BlackElo "2226"]
[Annotator "RC"]
[PlyCount "79"]
[EventDate "2024.04.09"]
[EventType "swiss (blitz)"]

1. d4 {[%emt 0:00:01]} Nf6 {[%emt 0:00:01]} 2. c4 {[%emt 0:00:01]} g6 {[%emt 0:00:01]} 3. Nc3 {[%emt 0:00:01]} Bg7 {[%emt 0:00:01]} 4. e4 {[%emt 0:00:01]} d6 {[%emt 0:00:01]} 5. h3 {[%emt 0:00:01]} O-O {[%emt 0:00:05]} 6. Be3 {[%emt 0:00:01]} Na6 {[%emt 0:00:01]} 7. Nf3 {[%emt 0:00:01]} e5 {[%emt 0:00:01]} 8. dxe5 {[%emt 0:00:01]} dxe5 {[%emt 0:00:01]} 9. a3 {[%emt 0:00:04]} b6 {[%emt 0:00:05]} 10. b4 {[%emt 0:00:01]} Qe7 {[%emt 0:00:03]} 11. Nd5 {[%emt 0:00:02]} Qd6 {[%emt 0:00:03]} 12. Bd3 {[%emt 0:00:01]} h5 {[%emt 0:00:03]} 13. Qa4 {[%emt 0:00:03]} c5 {[%emt 0:00:03]} 14. O-O {[%emt 0:00:03]} cxb4 {[%emt 0:00:03]} 15. Rfd1 {[%emt 0:00:01]} Nc5 {[%emt 0:00:02]} 16. Qxb4 {[%emt 0:00:01]} Nfxe4 {[%emt 0:00:01]} 17. Bxe4 {[%emt 0:00:01]} a5 {[%emt 0:00:03]} 18. Qb1 {[%emt 0:00:07]} Bb7 {[%emt 0:00:03]} 19. Nxb6 {[%emt 0:00:01]} Bxe4 {[%emt 0:00:01]} 20. Rxd6 {[%emt 0:00:01]} Bxb1 {[%emt 0:00:01]} 21. Rxb1 {[%emt 0:00:01]} Ne4 {[%emt 0:00:02]} 22. Rd7 {[%emt 0:00:02]} Nc3 {[%emt 0:00:01]} 23. Rc1 {[%emt 0:00:03]} e4 {[%emt 0:00:02]} 24. Ng5 {[%emt 0:00:02]} Rab8 {[%emt 0:00:02]} 25. Rxc3 {[%emt 0:00:02]} Bxc3 {[%emt 0:00:01]} 26. Nxe4 {[%emt 0:00:01]} Bb2 {[%emt 0:00:01]} 27. a4 {[%emt 0:00:02]} f5 {[%emt 0:00:01]} 28. Nd6 {[%emt 0:00:02]} f4 {[%emt 0:00:01]} 29. Bc5 {[%emt 0:00:01]} Rfd8 {[%emt 0:00:01]} 30. Ra7 {[%emt 0:00:02]} Rxb6 {[%emt 0:00:01]} 31. Bxb6 {[%emt 0:00:01]} Rxd6 {[%emt 0:00:00]} 32. c5 {[%emt 0:00:00]} Rd1+ {[%emt 0:00:01]} 33. Kh2 {[%emt 0:00:00]} Bd4 {[%emt 0:00:01]} 34. Rd7 {[%emt 0:00:01]} f3 {[%emt 0:00:00]} 35. c6 {[%emt 0:00:00]} Bxb6 {[%emt 0:00:00]} 36. Rd2 {[%emt 0:00:01]} Bc7+ {[%emt 0:00:00]} 37. Rd6 {[%emt 0:00:01]} Rxd6 {[%emt 0:00:00]} 38. gxf3 {[%emt 0:00:00]} Rd4+ {[%emt 0:00:01]} 39. Kg2 {[%emt 0:00:01]} Rc4 {[%emt 0:00:01] '} 40. h4 {[%emt 0:00:01] (Lag: Av=0.07s, max=0.8s)} 1-0